| 000 | 00933cad a22001935a 4500 | ||
|---|---|---|---|
| 001 | L154453 | ||
| 008 | 111206s2012 xxk f 000 0 eng d | ||
| 035 | _a(Sirsi) u154453 | ||
| 041 | 0 | _aeng | |
| 110 | 2 |
_aKnight Frank _91530 |
|
| 245 | 0 | 0 |
_aGlobal development review 2012 _h[electronic resource] |
| 260 |
_aLondon _bKnight Frank _c2012 |
||
| 520 | _aResults of Knight Frank's Global Development Sentiment Survey representing the views of Knight Frank?s residential development experts around the world, project case studies and articles on design trends, branded residences, marketing approachesand articles on design trends, branded residences, marketing approaches and luxury residential schemes. | ||
| 590 | _aKA NTK | ||
| 651 | 4 | _aINTERNATIONAL | |
| 690 | _aPROPERTY-RESIDENTIAL PROPERTY | ||
| 856 | 4 | 0 |
_uhttps://knightfrank.com/research/ _zView the report free of charge under research at www.knightfrank.com |
| 942 | _n0 | ||
| 999 |
_c112995 _d112995 |
||